| 000 | 00536nam a22001697a 4500 | ||
|---|---|---|---|
| 003 | BUBTL | ||
| 008 | 180926b xxu||||| |||| 00| 0 eng d | ||
| 082 | _a891.44AHH | ||
| 100 |
_91697 _aআহমেদ,হুমায়ূন |
||
| 245 |
_aহিমু/ _cহুমায়ূন আহমেদ |
||
| 260 |
_aঢাকা : _bপ্রতীক, _cc1993 |
||
| 300 |
_a96 p. : _c22 cm. |
||
| 650 | 0 |
_91689 _aবাংলা সাহিত্য |
|
| 856 |
_k0 _l0 _yDownload |
||
| 942 |
_2ddc _cBK |
||
| 999 |
_c5824 _d5824 |
||